El general en su laberinto
Guardat en:
| Autor principal: | |
|---|---|
| Format: | Llibre |
| Idioma: | espanyol |
| Publicat: |
Santiago
Penguin Random House
2014
|
| Edició: | 1a. ed |
| Col·lecció: | Literatura
|
| Matèries: | |
| Etiquetes: |
Afegir etiqueta
Sense etiquetes, Sigues el primer a etiquetar aquest registre!
|
MARC
| LEADER | 00000cam a2200000 a 4500 | ||
|---|---|---|---|
| 001 | UCC3125 | ||
| 003 | CL-VaPUC | ||
| 008 | 180422e20140000cl |||||||||||||||||spa|d | ||
| 020 | |a 9789568228767 | ||
| 082 | 0 | 4 | |a Co863 |b GAR |2 21 |
| 100 | 0 | |a García Márquez, Gabriel |e author |9 318478 | |
| 245 | 1 | 3 | |a El general en su laberinto |
| 250 | |a 1a. ed | ||
| 300 | |a 267 p | ||
| 942 | |c BK | ||
| 945 | |d 20180422 17:11:00 |a dcastane | ||
| 260 | |a Santiago |b Penguin Random House |c 2014 | ||
| 650 | 0 | |a Novelas colombianas |9 266734 | |
| 650 | 0 | |a Literatura colombiana |9 315578 | |
| 583 | |a last modification |c 20180422 17:11:00 |k Rodrigo Vera | ||
| 490 | 0 | |a Literatura | |
| 999 | |c 370975 |d 370973 | ||
| 952 | |0 0 |1 0 |3 erb |4 0 |6 CO_863_000000000000000_GAR_2014 |7 0 |8 A |9 487790 |a BIBEDU |b BIBEDU |i 5465710 |l 1 |o Co863 GAR 2014 |p 5465710 |r 2025-03-17 |s 2025-03-11 |w 2019-11-24 |y BK |z Catalogado en:20180422 |k LIT | ||